Estudio de factibilidad técnica económica de la instalación de un beneficio de café en la zona de Chitaria, Turrialba

Sábháilte in:
Sonraí bibleagrafaíochta
Príomhchruthaitheoir: Nanne Prestinary , Kathleen, 1968-
Rannpháirtithe: Navarro R., Marcela, Vindas C., Silvia E.
Formáid: LEABHAR
Foilsithe / Cruthaithe: San José, Costa Rica 1990
Ábhair:
Clibeanna: Cuir clib leis
Níl clibeanna ann, Bí ar an gcéad duine le clib a chur leis an taifead seo!

MARC

LEADER 00000nam a2200000Ia 4500
003 007354
005 20240202105546.0
008 140114s1990 cr a m 000 ||s d
040 |c cru CEDI 
090 |a TFG 3081 
100 |a Nanne Prestinary , Kathleen, 1968-  |9 2294 
245 |a Estudio de factibilidad técnica económica de la instalación de un beneficio de café en la zona de Chitaria, Turrialba  
260 |a San José, Costa Rica  |c 1990 
300 |a  2 volúmenes (algunas hojas plegables) : ilustraciones ; 27 cm  
500 |a Proyecto de graduación (licenciatura en ingeniería industrial)--Universidad de Costa Rica. Facultad de Ingeniería. Escuela de Ingeniería Industrial 
500 |a  Contenido: v. 1 [Texto]--v. 2. Anexos.  
501 |a Director de Proyecto de Graduación: Ing. Luis Fernando Salazar A 
650 |x BENEFICIO DE CAFE   |x ASPECTOS ECONOMICOS  |9 3040 
700 |9 11486  |a Navarro R., Marcela 
700 |9 11487  |a Vindas C., Silvia E. 
942 |c TFG  |h TFG 3081  |i 007354  |6 TFG_3081_007354000000000 
999 |c 19681  |d 19681